000 00732nam a2200205Ii 4500
003 JO-AjNU
008 230605s9999||||xx |||||||||||||| ||und||
040 _aJO-AjNU
_bara
_erda
_cJO-AjNU
041 _aara
050 1 4 _aHF5415.B34.2006
100 3 _aالبكري،ثامر ,
_eauthor
_933264
245 0 0 _aالتسويق اسس ومفاهيم معاصرة
250 _aط العربية
264 3 1 _aعمان:دار اليازوري العلمية للنشر والتوزيع؛2006
300 _a320ص
_bيحتوي على ببلوغرافية من ص305-320ص
336 _atext
_btxt
_2rdacontent
337 _aunmediated
_bn
_2rdamedia
338 _avolume
_bnc
_2rdacarrier
650 4 _aالتسويق-مفاهيم
_933265
999 _aA13520
_c17088
_d17088